| 000 | 05219cam a22006614i 4500 | ||
|---|---|---|---|
| 003 | PE-LiUPU | ||
| 005 | 20250731172854.0 | ||
| 008 | 151123s2015 ag r 000 0 spa d | ||
| 020 | _a9877012251 | ||
| 020 |
_a9877013258 _qObra completa |
||
| 020 | _a9789877012255 | ||
| 020 |
_a9789877013252 _qObra completa |
||
| 035 | _a(Sirsi) a162904 | ||
| 040 |
_aPE-LiUPU _bspa _cPE-LiUPU _erda |
||
| 041 | 1 |
_aspa _heng |
|
| 049 | _aPRUA | ||
| 050 |
_aBX6147 _b.H57 |
||
| 082 | 0 | 4 |
_a286.7325 _bHR _221 |
| 100 | 1 |
_aWhite, Elena G. de, _d1827-1915, _eautor. |
|
| 245 | 1 | 3 |
_aLa historia de la redención : _bun panorama del conflicto entre el bien y el mal / _cElena G. de White. |
| 250 | _aPrimera edición. | ||
| 264 | 1 |
_aBuenos aires : _bACES, _c2015. |
|
| 300 |
_a432 páginas ; _c20 centímetros. |
||
| 336 |
_atext _2rdacontent |
||
| 337 |
_aunmediated _2rdamedia |
||
| 338 |
_avolume _2rdacarrier |
||
| 490 | 0 | _aMensajes de Esperanza. | |
| 505 | 0 | _aLa caída de Lucifer -- La creación -- Las consecuencias del rebelión -- La tentación y la caída -- Caín y Abel y sus ofrendas -- Set y Enoc -- El diluvio -- La torre de babel -- Abraham y la simiente prometida -- El casamiento de Isaac -- Jacob y Esaú -- Jacob y el ángel -- Los hijos de Israel -- Se manifiesta el poder de Dios -- Israel escapa de la esclavitud -- Las peregrinaciones del pueblo de Israel -- La ley de Dios -- El santuario terrenal -- Los espías y su informe -- El pecado de Moisés -- La muerte de Moisés -- La entrada en la tierra prometida -- El arca de Dios y las vicisitudes de Israel -- El primer advenimiento de Cristo -- El ministerio de Cristo -- La traición a Cristo -- El enjuiciamiento de Cristo -- La crucifixión de Cristo -- La resurrección de Cristo -- La ascensión de Cristo -- La ascensión de Cristo -- El pentecostés -- El sanamiento del paralítico -- Leales a Dios en medio de la persecución -- Organización evangélica -- La muerte de Esteba n -- La conversión de Saulo -- Los comienzos del ministerio de Pablo -- El ministerio de Pedro -- Pedro librado de la prisión -- En las regiones distantes -- Los años de ministerio de Pablo -- Los martirios de Pablo y de Pedro -- La gran apostasía -- El misterio de la iniquidad -- Los primeros reformadores -- Lutero y la gran reforma -- Los progresos de la reforma -- No se avanza como se debe -- El mensaje del primer ángel -- El mensaje del segundo ángel -- El clamor de media noche -- El santuario celestial -- El mensaje del tercer ángel -- Una plataforma firme -- Los engaños de Satanás -- El espiritismo -- El fuerte clamor -- El fin del tiempo de prueba -- La angustia de Jacob -- Liberación de los santos -- Recompensa de los santos -- El milenio -- La segunda resurrección -- La coronación de Cristo -- La segunda muerte -- La tierra nueva. | |
| 526 | _aSEG42 | ||
| 526 | _aSEG41 | ||
| 526 | _aSEG40 | ||
| 526 | _aSEG39 | ||
| 526 | _aP94 | ||
| 526 | _aP87 | ||
| 526 | _aP86 | ||
| 526 | _aP85 | ||
| 526 | _aP77 | ||
| 526 | _aP76 | ||
| 526 | _aP35 | ||
| 534 |
_pTítulo original : _tThe story of redemption, Review and Herald Publishing Asociaciation, Hagerstown, MD, E.U.A., 1980. |
||
| 650 | 4 |
_aSalvación _xHistoria. |
|
| 910 |
_ajck _bebj _cebj _d20160811 |
||
| 942 |
_2ddc _cBOOK |
||
| 949 |
_a286.7325 HR 2014 _wLC _c1 _iCW00114 _lCIW _mBUL _p00.00 _r1 _sY _tBOOK _u2017-01-26 _xWHITE _zUNKNOWN _0COMPRA _o.STAFF. Centro White |
||
| 949 |
_a286.7325 HR 2014 _wLC _c1 _iCW00115 _lCIW _mBUL _p00.00 _r1 _sY _tBOOK _u2017-01-26 _xWHITE _zUNKNOWN _0COMPRA _o.STAFF. Centro White |
||
| 994 |
_aC0 _bPEPRU |
||
| 596 | _a1 4 | ||
| 999 |
_a286.732 HR 2015 _wLC _c11832 _i74250 _d11832 _e2016-11-21 _f2021-11-11 _g6 _lCCODEBUL1 _mBUL _n1 _p7.00 _q1 _r0 _sY _tBOOK _u2016-8-11 _xTEOLOGIA _PP35 _0COMPRA _o.STAFF. Colección Teología |
||
| 999 |
_a286.732 HR 2015 _wLC _c2 _i74251 _d2019-5-23 _f2021-11-11 _g6 _lCCODEBUL1 _mBUL _p7.00 _q1 _r0 _sY _tBOOK _u2016-8-11 _xTEOLOGIA _PP35 _0COMPRA _o.STAFF. Colección Teología |
||
| 999 |
_a286.732 HR 2015 _wLC _c3 _i74252 _d2019-9-23 _e2016-11-28 _f2021-11-11 _g6 _lCCODEBUL1 _mBUL _n1 _p7.00 _q2 _r0 _sY _tBOOK _u2016-8-11 _xTEOLOGIA _PP35 _0COMPRA _o.STAFF. Colección Teología |
||
| 999 |
_a286.732 HR 2015 _wLC _c4 _i74253 _d2017-11-12 _e2016-11-7 _f2021-11-11 _g6 _lCCODEBUL1 _mBUL _n1 _p7.00 _q1 _r0 _sY _tBOOK _u2016-8-11 _xTEOLOGIA _PP35 _0COMPRA _o.STAFF. Colección Teología |
||
| 999 |
_a286.732 HR 2015 _wLC _c5 _i74254 _d2018-3-16 _e2018-3-15 _f2021-11-11 _g6 _lCCODEBUL1 _mBUL _n1 _p7.00 _r0 _sY _tBOOK _u2016-8-11 _xTEOLOGIA _PP35 _0COMPRA _o.STAFF. Colección Teología |
||
| 999 |
_a286.732 HR 2015 _wLC _c6 _i74255 _d2019-4-30 _e2017-5-23 _f2021-11-11 _g6 _lCCODEBUL1 _mBUL _n3 _p7.00 _q1 _r0 _sY _tBOOK _u2016-8-11 _xTEOLOGIA _PP35 _0COMPRA _o.STAFF. Colección Teología |
||
| 999 |
_a286.7325 HR 2014 _wDEWEY _c1 _iCW00115 _f2021-12-21 _g2 _lCCODECWL1 _mBWL _p10.00 _r0 _sY _tBOOK _u2017-2-2 _xWHITE _zUNKNOWN _0COMPRA _o.STAFF. Centro White |
||
| 999 |
_a286.7325 HR 2014 _wDEWEY _c2 _iCW00114 _f2021-12-21 _g2 _lCCODECWL1 _mBWL _r0 _sY _tBOOK _u2017-2-2 _xWHITE _zUNKNOWN _0COMPRA _o.STAFF. Centro White |
||
| 980 |
_81 _gALBERTO SANCHEZ Responsable de Automatización |
||